Increasing the silanisation efficiency of silica compounds : Upscaling (Record no. 61020)
[ view plain ]
| 000 -LEADER | |
|---|---|
| fixed length control field | 00591nam a2200217Ia 4500 |
| 100 ## - MAIN ENTRY--AUTHOR NAME | |
| Personal name | Dierkes W |
| 245 #0 - TITLE STATEMENT | |
| Title | Increasing the silanisation efficiency of silica compounds : Upscaling |
| 260 ## - PUBLICATION, DISTRIBUTION, ETC. (IMPRINT) | |
| Name of publisher | Kautschuk Gummi Kunststoffe |
| Year of publication | 2003 |
| 300 ## - PHYSICAL DESCRIPTION | |
| Number of Pages | 338-344 |
| 650 ## - SUBJECT ADDED ENTRY--TOPICAL TERM | |
| Topical Term | Coupling agent |
| 650 ## - SUBJECT ADDED ENTRY--TOPICAL TERM | |
| Topical Term | Ethanol removal |
| 650 ## - SUBJECT ADDED ENTRY--TOPICAL TERM | |
| Topical Term | Mixing capacity |
| 650 ## - SUBJECT ADDED ENTRY--TOPICAL TERM | |
| Topical Term | Silanisation |
| 650 ## - SUBJECT ADDED ENTRY--TOPICAL TERM | |
| Topical Term | Silanisation reactor |
| 700 ## - ADDED ENTRY--PERSONAL NAME | |
| Personal name | Kelting K U |
| 700 ## - ADDED ENTRY--PERSONAL NAME | |
| Personal name | Nooedermeer J W M |
| 700 ## - ADDED ENTRY--PERSONAL NAME | |
| Personal name | Pol C Van de |
| 700 ## - ADDED ENTRY--PERSONAL NAME | |
| Personal name | Rinker M |
| 942 ## - ADDED ENTRY ELEMENTS (KOHA) | |
| Koha item type | Journals |
| Withdrawn status | Lost status | Damaged status | Not for loan | Home library | Current library | Shelving location | Date acquired | Serial Enumeration / chronology | Koha item type |
|---|---|---|---|---|---|---|---|---|---|
| Journals | RRII Library | RRII Library | Rubber chemistry | 17/12/2021 | Volume 56, Issue 6 | Journals |